40 Największych miast w województwie mazowieckim - Statystyki

Ogólne statystyki
  • Ten quiz został rozwiązany 24 razy
  • Średni wynik to 31 z 40
Statystyki odpowiedzi
Liczba Ludności Miasto % Poprawnych
111 190 Płock
100%
65 461 Pruszków
100%
196 005 Radom
100%
1 861 599 Warszawa
100%
52 630 Legionowo
95%
39 837 Mińsk Mazowiecki
95%
43 895 Otwock
95%
45 347 Ząbki
95%
39 510 Marki
91%
28 548 Nowy Dwór Mazowiecki
91%
48 229 Ostrołęka
91%
51 971 Piaseczno
91%
75 297 Siedlce
91%
35 620 Wołomin
91%
26 019 Wyszków
91%
38 594 Żyrardów
91%
17 268 Garwolin
86%
21 530 Płońsk
86%
41 740 Ciechanów
82%
19 064 Pułtusk
82%
34 718 Grodzisk Mazowiecki
77%
21 217 Józefów
77%
30 802 Mława
77%
21 530 Ostrów Mazowiecka
77%
18 361 Sokołów Podlaski
77%
33 456 Sochaczew
73%
16 807 Grójec
68%
22 932 Piastów
68%
16 357 Przasnysz
68%
16 941 Sierpc
68%
16 986 Gostynin
64%
16 894 Konstancin-Jeziorna
64%
15 530 Kozienice
64%
18 226 Łomianki
59%
18 143 Zielonka
55%
28 339 Kobyłka
50%
15 623 Ożarów Mazowiecki
50%
16 089 Pionki
45%
21 428 Sulejówek
45%
16 424 Milanówek
41%
Nie znaleziono quizów pasujących do podanych kryteriów
Rozkład punktacji
Procent ludzi z każdym wynikiem
Percentyl według liczby udzielonych odpowiedzi
Twoja historia wyników
Nie rozwiązałeś tego quizu